NTA CUET (UG) 10 Mock Test Papers: Economics (Record no. 227177)

MARC details
000 -LEADER
fixed length control field 01346nam a22002297a 4500
005 - DATE AND TIME OF LATEST TRANSACTION
control field 20230412115202.0
008 - FIXED-LENGTH DATA ELEMENTS--GENERAL INFORMATION
fixed length control field 230412b ||||| |||| 00| 0 eng d
020 ## - INTERNATIONAL STANDARD BOOK NUMBER
International Standard Book Number 9789356346413
040 ## - CATALOGING SOURCE
Transcribing agency AL
041 ## - LANGUAGE CODE
Language code of text/sound track or separate title English
082 ## - DEWEY DECIMAL CLASSIFICATION NUMBER
Edition number 23
Classification number 378.02
Item number OSWN
100 ## - MAIN ENTRY--PERSONAL NAME
Personal name Oswaal Books
100 ## - MAIN ENTRY--PERSONAL NAME
9 (RLIN) 86937
245 ## - TITLE STATEMENT
Title NTA CUET (UG) 10 Mock Test Papers: Economics
260 ## - PUBLICATION, DISTRIBUTION, ETC.
Place of publication, distribution, etc. Agra
Name of publisher, distributor, etc. Oswaal Books and Learning Pvt Ltd
Date of publication, distribution, etc. 2023
300 ## - PHYSICAL DESCRIPTION
Extent 88 p.
Other physical details PB
Dimensions 27x18 cm.
365 ## - TRADE PRICE
Price type code 176
Price amount ₹159
Currency code
Unit of pricing ₹199.00
Price note 20%
Price effective from 7-4-2023
521 ## - TARGET AUDIENCE NOTE
Target audience note • Crisp Revision with On-Tips Notes & Mind Maps <br/>• 100% Exam Readiness with Latest Solved Papers ( Slot 1 & 2 )-NTA 2022 <br/>• Extensive Practice with 10 Solved Sample Question Papers with 50 MCQs<br/>• Valuable Exam Insights<with NCERT-based MCQs <br/>• Concept Clarity with 450+ Explanations & Smart Answer Key
Source Table of contents <br/>18th August 2022<br/>Sample Question Paper - 1<br/>Sample Question Paper - 2<br/>Sample Question Paper - 3<br/>Sample Question Paper - 4<br/>Sample Question Paper - 5<br/>Sample Question Paper - 6<br/>Sample Question Paper - 7<br/>Sample Question Paper - 8<br/>Sample Question Paper - 9<br/>Sample Question Paper - 10<br/>Preface<br/>Contents<br/>Syllabus
650 ## - SUBJECT ADDED ENTRY--TOPICAL TERM
Topical term or geographic name entry element Common University Entrance Test
9 (RLIN) 86860
650 ## - SUBJECT ADDED ENTRY--TOPICAL TERM
Topical term or geographic name entry element Section II (Domain Specific Subject)
9 (RLIN) 86861
700 ## - ADDED ENTRY--PERSONAL NAME
Personal name OSWAAL BOOKS
9 (RLIN) 86862
942 ## - ADDED ENTRY ELEMENTS (KOHA)
Source of classification or shelving scheme Dewey Decimal Classification
Koha item type Book
Holdings
Withdrawn status Lost status Source of classification or shelving scheme Damaged status Not for loan Collection code Home library Current library Date acquired Source of acquisition Cost, normal purchase price Total Checkouts Full call number Barcode Date last seen Cost, replacement price Price effective from Koha item type
    Dewey Decimal Classification     Others St Aloysius Library St Aloysius Library 04/11/2023 Biblios Book Point Surathkal Mangalore 575014 159.00   378.02 OSWN 076503 04/12/2023 199.00 04/12/2023 Book